Mathematics for the international student mathematics HL (core) : (Record no. 282563)
[ view plain ]
| 000 -LEADER | |
|---|---|
| fixed length control field | 00707nam a22002057a 4500 |
| 003 - CONTROL NUMBER IDENTIFIER | |
| control field | OSt |
| 005 - DATE AND TIME OF LATEST TRANSACTION | |
| control field | 20160106144035.0 |
| 008 - FIXED-LENGTH DATA ELEMENTS--GENERAL INFORMATION | |
| fixed length control field | 130307t xxu||||| |||| 00| 0 eng d |
| 020 ## - INTERNATIONAL STANDARD BOOK NUMBER | |
| International Standard Book Number | 9781921972119 |
| 050 ## - LIBRARY OF CONGRESS CALL NUMBER | |
| Classification number | QA 273 |
| Item number | .M379 2013 |
| 082 ## - DEWEY DECIMAL CLASSIFICATION NUMBER | |
| Classification number | IB 510 |
| Item number | M42hl 2005 |
| 100 ## - MAIN ENTRY--PERSONAL NAME | |
| Personal name | Martin, David. |
| 245 ## - TITLE STATEMENT | |
| Title | Mathematics for the international student mathematics HL (core) : |
| Remainder of title | for use with IB diploma programme / |
| Statement of responsibility, etc | David Martin, Robert Hease, Sandra Haese. |
| 260 ## - PUBLICATION, DISTRIBUTION, ETC. (IMPRINT) | |
| Place of publication, distribution, etc | Australia : |
| Name of publisher, distributor, etc | Haese and Harris Publications, |
| Date of publication, distribution, etc | 2013. |
| 300 ## - PHYSICAL DESCRIPTION | |
| Extent | 960 pages : |
| Dimensions | 24 cm. |
| Other physical details | colored illustrations ; |
| Accompanying material | + 1 CD ROM (3/4) inches. |
| 562 ## - COPY AND VERSION IDENTIFICATION NOTE | |
| Number of copies | 1 |
| 650 ## - SUBJECT ADDED ENTRY--TOPICAL TERM | |
| Topical term or geographic name as entry element | Mathematics |
| General subdivision | Student. |
| 942 ## - ADDED ENTRY ELEMENTS (KOHA) | |
| Source of classification or shelving scheme | Library of Congress Classification |
| Koha item type | Books |
| Withdrawn status | Lost status | Source of classification or shelving scheme | Damaged status | Home library | Current library | Shelving location | Date acquired | Source of acquisition | Sub Shelving location | Total Checkouts | Total Renewals | Full call number | Barcode | Date last seen | Date checked out | Price effective from | Koha item type |
|---|---|---|---|---|---|---|---|---|---|---|---|---|---|---|---|---|---|
| Library of Congress Classification | Luxembourg Library | Luxembourg Library | International Baccalaureate Section | 02/09/2015 | Library Fund | 4 | 6 | QA 273 .M379 2013 | IB0163 | 01/22/2025 | 01/22/2025 | 02/09/2015 | Books | ||||
| Library of Congress Classification | Luxembourg Library | Luxembourg Library | International Baccalaureate Section | 02/09/2015 | Library Fund | 7 | 4 | QA 273 .M379 2013 | IB0166 | 10/06/2023 | 10/02/2023 | 02/09/2015 | Books |